LEADER 01349nam a2200397 i 4500 001 991001828079707536 008 120928s2012 riu b 001 0 eng d 020 $a9780821868676 035 $ab14077152-39ule_inst 040 $aDip.to Matematica e Fisica$beng 082 04$a510$223 084 $aAMS 17B35 084 $aAMS 17B10 084 $aAMS 17B20 084 $aAMS 17B22 084 $aAMS 17B25 084 $aAMS 17B30 084 $aAMS 17B40 084 $aAMS 17B55 084 $aAMS 17B56 084 $aAMS 16S30 084 $aLC QA252.3.M87 100 1 $aMusson, Ian Malcolm$0477470 245 10$aLie superalgebras and enveloping algebras /$cIan M. Musson 260 $aProvidence, R.I. :$bAmerican Mathematical Society,$cc2012 300 $axx, 488 p. ;$c27 cm 440 0$aGraduate studies in mathematics,$x1065-7339 ;$v131 504 $aIncludes bibliographical references (p. 471-484) and index 650 0$aLie superalgebras 650 0$aUniversal enveloping algebras 907 $a.b14077152$b13-11-12$c28-09-12 912 $a991001828079707536 945 $aLE013 17B MUS11 (2012)$g1$i2013000217635$lle013$op$pE86.00$q-$rl$s- $t0$u1$v19$w1$x0$y.i15456535$z12-11-12 996 $aLie superalgebras and enveloping algebras$9240590 997 $aUNISALENTO 998 $ale013$b28-09-12$cm$da $e-$feng$griu$h0$i0 LEADER 03015nam0 22006133i 450 001 RAV0068456 005 20251003044321.0 020 $aIT$b73-2213 020 $aIT$b732213 100 $a20110228d1972 ||||0itac50 ba 101 | $aita$cita 102 $ait 105 $a|||| |||c| 181 1$6z01$ai $bxxxe 182 1$6z01$an 183 1$6z01$anc$2RDAcarrier 200 1 $aˆIl ‰governo dell'industria in Italia$fa cura di Giuliano Amato 210 $aBologna$cIl mulino$d[1972] 215 $a394 p.$d22 cm 225 | $aProblemi e prospettive$i. Serie di diritto 300 $aSulla copertina: Testi e documenti / a cura di Giuliano Amato. 410 0$1001CFI0089404$12001 $aProblemi e prospettive$i. Serie di diritto 500 11$aˆIl ‰governo dell'industria in Italia.$3MSE0075092$9299604 606 $aItalia$xIndustria$x1946-1970$2FIR$3LO1C974895$9I 606 $aItalia$xIndustria$2FIR$3SBLC003826$9I 676 $a330.945$9SITUAZIONI E CONDIZIONI ECONOMICHE. ITALIA$v21 676 $a338$9PRODUZIONE$v21 676 $a338.0945$9PRODUZIONE. Storia. Italia$v19 676 $a338.0945$9PRODUZIONE. Italia$v21 676 $a338.0945$9PRODUZIONE. Italia$v23 676 $a338.4$9INDUSTRIE SECONDARIE E SERVIZI$v20 676 $a338.76292$9IMPRESE IN SPECIFICHE INDUSTRIE. VEICOLI$v21 676 $a338.945$9SVILUPPO ECONOMICO E POLITICHE DI SVILUPPO. Italia$v12 676 $a338.945$9SVILUPPO ECONOMICO. Italia$v21 676 $a343.4507$9REGOLAMENTAZIONE DELL'ATTIVITÀ ECONOMICA. ITALIA$v21 686 $aIT/3422.6$cPOLITICA ECONOMICA ITALIA 1945-1968$2R 686 $aIT/3422.8$cPOLITICA DEL MEZZOGIORNO ITALIA 1945-1968$2R 686 $aIT/3430.0$cECONOMIA E SOCIETA ITALIA 1945-1968$2R 686 $aIT/3432.0$cINDUSTRIA ITALIA 1945-1968$2R 686 $aIT/4422.6$cPOLITICA ECONOMICA ITALIA 1968-1989$2R 686 $aIT/4430.0$cECONOMIA E SOCIETA ITALIA 1968-1989$2R 686 $aSe.i.13.10$cStoria dell'economia italiana. 1948-1962. Lo sviluppo industriale$2F 686 $aSe.i.14.2.2$cStoria dell'economia italiana. 1963-1975. L'industria$2F 702 1$aAmato$b, Giuliano$3CFIV004498$4340 801 3$aIT$bIT-000000$c20110228 850 $aIT-BN0095 $aIT-SA0060 $aIT-SA0200 $aIT-NA0230 901 $bNAP 63$cDONO $n$ 901 $bNAP 27$cCARRANO $nLibri donati dal libraio Umberto Carrano 901 $bNAP 01$cPOZZO LIB.$nVi sono collocati fondi di economia, periodici di ingegneria e scienze, periodici di economia e statistica e altri fondi comprendenti documenti di economia pervenuti in dono. 912 $aRAV0068456 950 0$aBiblioteca Centralizzata di Ateneo$c1 v.$d 01POZZO LIB.F. SANTI 95$e 0101 0060029075E VMA 1 v. (Precedente collocazione S 175)$fB $h20221107$i20221107 977 $a 01$a 27$a 63$a IR 996 $aGoverno dell'industria in Italia$9299604 997 $aUNISANNIO